00614nam a2200193Ia 4500952012900000999001700129003000400146005001700150008004100167020001400208040000900222082001800231100002600249245004200275260004200317300000900359650001000368942004200378 00102ddc40708FICaMESbMEScENGd2019-02-20g159.00l0o813.52 WHA/Ap22213r2019-02-20 00:00:00w2019-02-20yBKzGR18R2 c14118d14118OSt20201106093616.0190216s9999||||xx |||||||||||||| ||und|| a086068069 coclc a813.52bWHA/A a Wharton, Edith95982 4aThe Age Of Innocence /cEdith Wharton bVirago Press Limited,c1982.aLondon: a303p aNovel cBK2ddch813.52iWHA/Ak813.52mWHA/A